Logo brazylijskich klubów piłkarskich #2 - Statystyki

Ogólne statystyki
  • Ten quiz został rozwiązany 12 razy
  • Średni wynik to 3 z 20
Statystyki odpowiedzi
Obrazkowy Odpowiedź % Poprawnych
Fluminense
80%
Corinthians
60%
Vasco da Gama
40%
Bahia
30%
Juventude
20%
Náutico
20%
Vitória
20%
Avaí
10%
CSA
10%
Gama
10%
Joinville
10%
Nacional
10%
Paraná
10%
Volta Redonda
10%
Brasiliense
0%
Figueirense
0%
Íbis
0%
Luverdense
0%
Paulista
0%
Sampaio Corrêa
0%
Nie znaleziono quizów pasujących do podanych kryteriów
Rozkład punktacji
Procent ludzi z każdym wynikiem
Percentyl według liczby udzielonych odpowiedzi
Twoja historia wyników
Nie rozwiązałeś tego quizu